000 00501cam a22001931 4500
001 ne 68000788
003 DLC
005 20260227111839.0
008 890327s1965 tu 000 0 tur
010 _ane 68000788
035 _a(OCoLC)23572287
040 _aDLC
_cMiU
_dDLC
042 _apremarc
050 0 0 _aPL248.G84
_bS5 1965
100 1 _aGürpınar, Hüseyin Rahmi,
_d1864-1944.
245 1 0 _aŞıpsevdi; roman.
260 _aİstanbul,
_bAtlas Kitabevi
_c[1965]
300 _a418 p.
_c20 cm.
999 _c50160
_d50160